00267 2200121 4500245004800000250001100048100001000059650001600069005001900085260001800104041001400122336000900136 aLAPORAN KARYA SISWAb : ZEBRAcHASBIhText aCet. 1 aHASBI aKarya Siswa a20240829121616 aJakartac2024 aIndonesia atext